| 000 | 00717nam a2200241 a 4500 | ||
|---|---|---|---|
| 001 | 25191 | ||
| 003 | CO-ViMGA | ||
| 005 | 20230915232046.0 | ||
| 008 | 141112s2004 ck r 000 u spa d | ||
| 015 | _ack - 2006 - xxxx | ||
| 020 | _a9789588257822 | ||
| 040 |
_aCO-ViMGA _bspa _cCO-ViMGA |
||
| 041 | _aspa | ||
| 082 | 0 | 4 | _a808.83 S14 |
| 245 | 1 | 0 |
_aLa ventana abierta / _cSaki |
| 260 |
_aBogotá : _bAlcaldía Mayor de Bogotá : _bInstituto Distrital de Cultura y Turismo, _cInci, _c2012. |
||
| 300 | _a29 p. ; 14 cm. | ||
| 490 | _aLibro al viento | ||
| 650 | 1 | 4 |
_aCuentos - Colecciones. _919715 |
| 700 | 1 |
_aParedes Castro, Julio, 1957 - , tr. _938362 |
|
| 740 | _aLa ventana abierta. | ||
| 942 |
_2ddc _cBK |
||
| 999 |
_c32818 _d32818 |
||